[Event "Sachsen-Anhalt Verbandsliga 1920"]
[Site "Sachsen Anhalt"]
[Date "2020.01.19"]
[Round "5.3"]
[White "Corley, Brian"]
[Black "Hoehm, Walter"]
[Result "1/2-1/2"]
[WhiteElo "1948"]
[BlackElo "1817"]
[PlyCount "42"]
[EventDate "2019.09.29"]
[EventType "team-tourn"]
[EventRounds "9"]
[EventCountry "GER"]
[SourceTitle "EXT 2023"]
[Source "ChessBase"]
[SourceDate "2022.10.05"]
[SourceVersion "1"]
[SourceVersionDate "2022.10.05"]
[SourceQuality "1"]
[WhiteTeam "Reideburg 90 Halle"]
[BlackTeam "Piesteritz Gruen-Weiss"]
[WhiteTeamCountry "GER"]
[BlackTeamCountry "GER"]

1. d4 Nf6 2. Nf3 d5 3. e3 e6 4. Bd3 c5 5. b3 Nc6 6. 0-0 cxd4 7. exd4 Be7 8. Bb2 0-0 9. Nbd2 b6 10. Ne5 Qc7 11. a3 Nxe5 12. dxe5 Nd7 13. f4 f5 14. Rf3 Nc5 15. Rh3 g6 16. Nf3 Nxd3 17. cxd3 Bd7 18. Nd4 Bc5 19. Rf3 Rac8 20. Rf1 Bxd4+ 21. Bxd4 Qc2 1/2-1/2

[Event "MVP-ch Seniors op 19th"]
[Site "Ostseebad Binz"]
[Date "2019.12.04"]
[Round "8"]
[White "Hoehm, Walter"]
[Black "Hondema, Evert C"]
[Result "0-1"]
[WhiteElo "2036"]
[BlackElo "1932"]
[PlyCount "68"]
[EventDate "2019.11.27"]
[EventType "swiss"]
[EventRounds "9"]
[EventCountry "GER"]
[SourceTitle "EXT 2021"]
[Source "ChessBase"]
[SourceDate "2020.10.23"]
[SourceVersion "1"]
[SourceVersionDate "2020.10.23"]
[SourceQuality "1"]

1. d4 Nf6 2. Nc3 d5 3. e4 Nxe4 4. Nxe4 dxe4 5. Bc4 Bf5 6. Ne2 e6 7. Be3 Be7 8. c3 Nd7 9. 0-0 0-0 10. Ng3 Bg6 11. f4 exf3 12. Qxf3 Nb6 13. Bb3 Nd5 14. Bf2 c6 15. Rad1 Nf6 16. Rfe1 Qc7 17. h4 h5 18. Rd2 Ng4 19. Nf1 Bd6 20. g3 a5 21. Ne3 Nxf2 22. Kxf2 a4 23. Bc2 Bxc2 24. Rxc2 b5 25. Kg2 g6 26. g4 hxg4 27. Nxg4 Be7 28. Kh3 Kg7 29. h5 g5 30. h6+ Kh8 31. Re5 f5 32. Rxe6 fxg4+ 33. Qxg4 Rf4 34. Qe2 Rh4+ 0-1

[Event "MVP-ch Seniors op 19th"]
[Site "Ostseebad Binz"]
[Date "2019.12.03"]
[Round "7"]
[White "Zacharias, Uwe"]
[Black "Hoehm, Walter"]
[Result "1/2-1/2"]
[WhiteElo "1913"]
[BlackElo "2036"]
[PlyCount "28"]
[EventDate "2019.11.27"]
[EventType "swiss"]
[EventRounds "9"]
[EventCountry "GER"]
[SourceTitle "EXT 2021"]
[Source "ChessBase"]
[SourceDate "2020.10.23"]
[SourceVersion "1"]
[SourceVersionDate "2020.10.23"]
[SourceQuality "1"]

1. d4 Nf6 2. c4 e5 3. dxe5 Ng4 4. Nf3 Nc6 5. e3 Ngxe5 6. Nxe5 Nxe5 7. Be2 Bb4+ 8. Bd2 Qe7 9. 0-0 0-0 10. a3 Bxd2 11. Nxd2 d6 12. Nf3 Bg4 13. Nxe5 Bxe2 14. Qxe2 Qxe5 1/2-1/2

[Event "MVP-ch Seniors op 19th"]
[Site "Ostseebad Binz"]
[Date "2019.12.01"]
[Round "5"]
[White "Juergens, Peter1111"]
[Black "Hoehm, Walter"]
[Result "1/2-1/2"]
[WhiteElo "1809"]
[BlackElo "2036"]
[PlyCount "67"]
[EventDate "2019.11.27"]
[EventType "swiss"]
[EventRounds "9"]
[EventCountry "GER"]
[SourceTitle "EXT 2021"]
[Source "ChessBase"]
[SourceDate "2020.10.23"]
[SourceVersion "1"]
[SourceVersionDate "2020.10.23"]
[SourceQuality "1"]

1. d4 Nf6 2. Nf3 d6 3. Bf4 g6 4. e3 Bg7 5. h3 0-0 6. Be2 Nbd7 7. 0-0 c5 8. c3 b6 9. Nbd2 Bb7 10. a4 Ne4 11. Nxe4 Bxe4 12. Qd2 Bb7 13. Rfd1 Qc7 14. Rdc1 Rad8 15. Qc2 e5 16. dxe5 Nxe5 17. Nxe5 dxe5 18. Bg3 Qe7 19. Rd1 f5 20. Rxd8 Rxd8 21. Rd1 Bf6 22. Rxd8+ Qxd8 23. Qd1 Qxd1+ 24. Bxd1 Kf7 25. Bb3+ Ke7 26. f3 Bc6 27. Be1 Kd6 28. Kf2 Bd5 29. Bc2 f4 30. Bd2 Bh4+ 31. Kg1 Bg3 32. e4 Be6 33. b3 g5 34. c4 1/2-1/2

[Event "MVP-ch Seniors op 19th"]
[Site "Ostseebad Binz"]
[Date "2019.11.30"]
[Round "4"]
[White "Hoehm, Walter"]
[Black "Newerla, Alfred"]
[Result "1-0"]
[WhiteElo "2036"]
[BlackElo "1666"]
[PlyCount "61"]
[EventDate "2019.11.27"]
[EventType "swiss"]
[EventRounds "9"]
[EventCountry "GER"]
[SourceTitle "EXT 2021"]
[Source "ChessBase"]
[SourceDate "2020.10.23"]
[SourceVersion "1"]
[SourceVersionDate "2020.10.23"]
[SourceQuality "1"]

1. d4 Nf6 2. Nc3 d5 3. e4 dxe4 4. f3 c6 5. Nxe4 e6 6. Ng3 Be7 7. c3 Nbd7 8. Bd3 c5 9. N1e2 cxd4 10. Nxd4 0-0 11. 0-0 Ne5 12. Be2 Bd7 13. Kh1 a6 14. f4 Nc6 15. Be3 Nxd4 16. Bxd4 Bc6 17. Qc2 Nd5 18. Rad1 Qa5 19. Bd3 g6 20. f5 exf5 21. Nxf5 Bf6 22. Nh6+ Kg7 23. Rxf6 Nxf6 24. Ng4 Rfd8 25. Bxf6+ Kf8 26. Bxd8 Rxd8 27. Qd2 Qh5 28. Qf4 f5 29. Be2 Rxd1+ 30. Bxd1 Qh3 31. Qd6+ 1-0

[Event "MVP-ch Seniors op 19th"]
[Site "Ostseebad Binz"]
[Date "2019.11.27"]
[Round "1"]
[White "Petrykowski, Reinhardt"]
[Black "Hoehm, Walter"]
[Result "1/2-1/2"]
[WhiteElo "1759"]
[BlackElo "2036"]
[PlyCount "45"]
[EventDate "2019.11.27"]
[EventType "swiss"]
[EventRounds "9"]
[EventCountry "GER"]
[SourceTitle "EXT 2021"]
[Source "ChessBase"]
[SourceDate "2020.10.23"]
[SourceVersion "1"]
[SourceVersionDate "2020.10.23"]
[SourceQuality "1"]

1. d4 Nf6 2. c4 e5 3. dxe5 Ng4 4. Nf3 Nc6 5. e3 Ngxe5 6. Be2 g6 7. Nc3 Bg7 8. Nxe5 Nxe5 9. Qc2 d6 10. b3 0-0 11. Bb2 Qg5 12. g3 Nc6 13. Ne4 Qe7 14. Bxg7 Kxg7 15. Qc3+ f6 16. Bf3 Qe5 17. 0-0 Bd7 18. Bg2 f5 19. Qxe5+ Nxe5 20. Nc3 Bc6 21. Rad1 Bxg2 22. Kxg2 a6 23. h3 1/2-1/2

[Event "Sachsen-Anhalt Landesliga B 18/19"]
[Site "Sachsen Anhalt"]
[Date "2018.12.16"]
[Round "5.7"]
[White "Hoehm, Walter"]
[Black "Steudner, Reinhold"]
[Result "1-0"]
[WhiteElo "2048"]
[BlackElo "1841"]
[PlyCount "64"]
[EventDate "2018.09.23"]
[EventType "team-tourn"]
[EventRounds "9"]
[EventCountry "GER"]
[SourceTitle "EXT 2022"]
[Source "ChessBase"]
[SourceDate "2021.10.06"]
[SourceVersion "1"]
[SourceVersionDate "2021.10.06"]
[SourceQuality "1"]
[WhiteTeam "Piesteritz Gruen-Weiss"]
[BlackTeam "Hettstedt"]
[WhiteTeamCountry "GER"]
[BlackTeamCountry "GER"]

1. d4 d6 2. e4 Nf6 3. Nc3 g6 4. Bc4 Bg7 5. f3 Nc6 6. Be3 e5 7. d5 Ne7 8. Qd2 a6 9. a4 Bd7 10. Rd1 0-0 11. Nge2 Ne8 12. Bh6 f5 13. Bxg7 Kxg7 14. f4 exf4 15. Nxf4 fxe4 16. Nxe4 Nf5 17. 0-0 Kg8 18. Rde1 Neg7 19. b3 b5 20. axb5 axb5 21. Be2 Qb8 22. Kh1 Qb6 23. Qc3 Ne8 24. Ng5 b4 25. Qh3 Nf6 26. Nfe6 Bxe6 27. Nxe6 Rf7 28. Bd3 Re8 29. Bxf5 gxf5 30. Qxf5 Ree7 31. Qg5+ Kh8 32. Rxf6 Rxf6 1-0

[Event "MVP-ch Seniors op 18th"]
[Site "Ostseebad Binz"]
[Date "2018.12.04"]
[Round "7"]
[White "Hoehm, Walter"]
[Black "Wolke, Reimund"]
[Result "1-0"]
[WhiteElo "2048"]
[BlackElo "1912"]
[PlyCount "79"]
[EventDate "2018.11.28"]
[EventType "swiss"]
[EventRounds "9"]
[EventCountry "GER"]
[SourceTitle "CBM 188 Extra"]
[Source "ChessBase"]
[SourceDate "2019.02.26"]
[SourceVersion "1"]
[SourceVersionDate "2019.02.26"]
[SourceQuality "1"]

1. d4 Nf6 2. Nc3 d5 3. e4 Nxe4 4. Nxe4 dxe4 5. Bc4 Nc6 6. c3 e5 7. d5 Ne7 8. Qa4+ Bd7 9. Qb3 Nf5 10. Bd2 Bc5 11. Ne2 0-0 12. 0-0 Nd6 13. Ng3 f5 14. Be3 Bxe3 15. fxe3 f4 16. Nh1 Qg5 17. Rae1 Rf6 18. Rf2 Raf8 19. Bf1 h5 20. c4 b6 21. Qc2 h4 22. b4 c5 23. dxc6 Bxc6 24. c5 bxc5 25. Qxc5 Bd7 26. exf4 Rxf4 27. Rxf4 Rxf4 28. Qxd6 Bh3 29. Qb8+ Kh7 30. Qb5 Rg4 31. Qe2 e3 32. a3 e4 33. g3 Bxf1 34. Kxf1 Qf5+ 35. Kg1 hxg3 36. Nxg3 Qg6 37. Qxe3 a6 38. Rf1 Qc6 39. Qc5 Qg6 40. Qf5 1-0

[Event "MVP-ch Seniors op 18th"]
[Site "Ostseebad Binz"]
[Date "2018.11.28"]
[Round "1"]
[White "Hoehm, Walter"]
[Black "Husser, Oskar"]
[Result "1-0"]
[WhiteElo "2048"]
[BlackElo "1742"]
[PlyCount "73"]
[EventDate "2018.11.28"]
[EventType "swiss"]
[EventRounds "9"]
[EventCountry "GER"]
[SourceTitle "CBM 188 Extra"]
[Source "ChessBase"]
[SourceDate "2019.02.26"]
[SourceVersion "1"]
[SourceVersionDate "2019.02.26"]
[SourceQuality "1"]

1. d4 Nf6 2. Nc3 d5 3. e4 dxe4 4. f3 Bf5 5. g4 Bg6 6. g5 Nd5 7. Nxe4 e6 8. Ne2 Be7 9. N2g3 Nc6 10. Bg2 f5 11. gxf6 Nxf6 12. Nxf6+ Bxf6 13. c3 0-0 14. 0-0 Ne7 15. Ne4 c6 16. Nxf6+ gxf6 17. Bh6 Rf7 18. Re1 Nf5 19. Bf4 Qd5 20. Qe2 Re8 21. Bg3 Nxg3 22. hxg3 Qg5 23. Qf2 Rfe7 24. f4 Qb5 25. Re3 e5 26. dxe5 fxe5 27. f5 Rf8 28. Be4 Ref7 29. g4 h5 30. Rg3 Kh8 31. Qd2 Qc5+ 32. Kg2 Bh7 33. Rh1 Qc4 34. Qc2 hxg4 35. Rxg4 Rxf5 36. Rxh7+ Kxh7 37. Bxf5+ 1-0

[Event "MVP-ch Seniors op 17th"]
[Site "Binz"]
[Date "2017.12.03"]
[Round "5.28"]
[White "Hoehm, Walter"]
[Black "Kluger, Hans Peter"]
[Result "1/2-1/2"]
[WhiteElo "2023"]
[BlackElo "1873"]
[PlyCount "87"]
[EventDate "2017.11.29"]
[EventType "swiss"]
[EventRounds "9"]
[EventCountry "GER"]
[SourceTitle "EXT 2019"]
[Source "ChessBase"]
[SourceDate "2018.10.10"]
[SourceVersion "1"]
[SourceVersionDate "2018.10.10"]
[SourceQuality "1"]

1. d4 d5 2. e4 dxe4 3. Nc3 Nf6 4. f3 exf3 5. Nxf3 Bg4 6. h3 Bxf3 7. Qxf3 c6 8. Be3 e6 9. Bd3 Bb4 10. 0-0 Nbd7 11. Ne4 Be7 12. c3 0-0 13. Qg3 Nxe4 14. Bxe4 Bh4 15. Qf3 Bf6 16. Rf2 g6 17. Bh6 Bg7 18. Qe3 Qe8 19. Raf1 f5 20. Bc2 e5 21. Bb3+ Kh8 22. Bxg7+ Kxg7 23. dxe5 Qxe5 24. Qd2 Nf6 25. Re1 Qc5 26. Bc2 Rad8 27. Qe3 Qxe3 28. Rxe3 Rfe8 29. Rxe8 Rxe8 30. Rd2 Re7 31. Kf2 a5 32. Rd6 Ne8 33. Rd8 Kf6 34. h4 Nc7 35. a4 Ke5 36. Rd2 b5 37. b4 axb4 38. cxb4 Nd5 39. axb5 cxb5 40. Bd3 Rb7 41. Be2 Rb6 42. g3 h5 43. Rc2 Kd4 44. Rd2+ 1/2-1/2

[Event "MVP-ch Seniors op 16th"]
[Site "Binz"]
[Date "2016.11.30"]
[Round "8.23"]
[White "Walther, Gerd"]
[Black "Hoehm, Walter"]
[Result "1/2-1/2"]
[WhiteElo "1950"]
[BlackElo "2044"]
[PlyCount "79"]
[EventDate "2016.11.23"]
[EventType "swiss"]
[EventRounds "9"]
[EventCountry "GER"]
[SourceTitle "EXT 2018"]
[Source "ChessBase"]
[SourceDate "2017.10.13"]
[SourceVersion "1"]
[SourceVersionDate "2017.10.13"]
[SourceQuality "1"]

1. d4 Nf6 2. Nf3 d5 3. Bg5 e6 4. e3 Be7 5. Bd3 Nbd7 6. Nbd2 0-0 7. 0-0 c5 8. c3 b6 9. Ne5 Bb7 10. Nxd7 Nxd7 11. Bxe7 Qxe7 12. Qh5 g6 13. Qh6 e5 14. f4 exd4 15. Nf3 dxe3 16. f5 gxf5 17. Bxf5 f6 18. Qh4 Qg7 19. Rae1 Ba6 20. Rxe3 Bxf1 21. Ne1 Ne5 22. Rg3 Ng6 23. Qh5 Be2 24. Qxe2 Rae8 25. Qd1 Re5 26. Qb1 Rfe8 27. Nf3 Rxf5 28. Qxf5 Qf7 29. h4 Kh8 30. h5 Ne5 31. h6 Nxf3+ 32. Qxf3 Qe6 33. Rg7 Qe1+ 34. Qf1 Qh4 35. g3 Qxh6 36. Rxa7 Qg5 37. Kg2 Qe5 38. Rf7 Qe2+ 39. Qf2 Qxf2+ 40. Kxf2 1/2-1/2

[Event "MVP-ch Seniors op 16th"]
[Site "Binz"]
[Date "2016.11.23"]
[Round "1.24"]
[White "Grasmeyer, Klaus Peter"]
[Black "Hoehm, Walter"]
[Result "1/2-1/2"]
[WhiteElo "1816"]
[BlackElo "2044"]
[PlyCount "54"]
[EventDate "2016.11.23"]
[EventType "swiss"]
[EventRounds "9"]
[EventCountry "GER"]
[SourceTitle "EXT 2018"]
[Source "ChessBase"]
[SourceDate "2017.10.13"]
[SourceVersion "1"]
[SourceVersionDate "2017.10.13"]
[SourceQuality "1"]

1. d4 Nf6 2. c4 e5 3. dxe5 Ng4 4. Nf3 Nc6 5. e3 Ngxe5 6. Nbd2 g6 7. Be2 Bg7 8. 0-0 0-0 9. Nxe5 Nxe5 10. Nf3 Nc6 11. Rb1 Qe7 12. a3 a5 13. Nd4 Nxd4 14. exd4 d5 15. cxd5 Qe4 16. Be3 Qxd5 17. Rc1 c6 18. Qd2 Be6 19. Rc5 Qd8 20. Bf3 a4 21. d5 cxd5 22. Bxd5 Bxd5 23. Rxd5 Qf6 24. Bd4 Qa6 25. Bxg7 Kxg7 26. Rd6 Qc4 27. Rc1 Qb5 1/2-1/2

[Event "Sachsen-Anhalt-ch Seniors 24th"]
[Site "Halberstadt"]
[Date "2016.06.03"]
[Round "6"]
[White "Hoehm, Walter"]
[Black "Liebscher, Helmar"]
[Result "0-1"]
[WhiteElo "2047"]
[BlackElo "2098"]
[PlyCount "50"]
[EventDate "2016.05.29"]
[EventType "swiss"]
[EventRounds "7"]
[EventCountry "GER"]
[SourceTitle "EXT 2019"]
[Source "ChessBase"]
[SourceDate "2018.10.10"]
[SourceVersion "1"]
[SourceVersionDate "2018.10.10"]
[SourceQuality "1"]

1. d4 Nf6 2. Nc3 d5 3. e4 Nxe4 4. Nxe4 dxe4 5. Bc4 Nc6 6. Ne2 Na5 7. b3 e6 8. 0-0 Bd6 9. Ng3 Nxc4 10. bxc4 Bxg3 11. fxg3 0-0 12. Bb2 Qg5 13. Rf4 f5 14. d5 Qe7 15. Qe2 e5 16. Rf2 Bd7 17. a4 Rf7 18. Ba3 Qg5 19. Bc5 b6 20. Bb4 e3 21. Rff1 f4 22. Ra3 Re8 23. Be1 Bg4 24. Qd3 e4 25. Qd4 Be2 0-1

[Event "Sachsen-Anhalt-ch Seniors 24th"]
[Site "Halberstadt"]
[Date "2016.06.02"]
[Round "5"]
[White "Birk, Rainer"]
[Black "Hoehm, Walter"]
[Result "1/2-1/2"]
[WhiteElo "2136"]
[BlackElo "2047"]
[PlyCount "71"]
[EventDate "2016.05.29"]
[EventType "swiss"]
[EventRounds "7"]
[EventCountry "GER"]
[SourceTitle "EXT 2019"]
[Source "ChessBase"]
[SourceDate "2018.10.10"]
[SourceVersion "1"]
[SourceVersionDate "2018.10.10"]
[SourceQuality "1"]

1. d4 Nf6 2. Nf3 d5 3. c4 e6 4. e3 c6 5. Bd3 Nbd7 6. 0-0 Qc7 7. Nbd2 e5 8. e4 dxc4 9. Nxc4 exd4 10. e5 Nd5 11. Nxd4 Nc5 12. Bf5 b5 13. Nxb5 cxb5 14. Qxd5 Bb7 15. Nd6+ Bxd6 16. exd6 Bxd5 17. dxc7 Be6 18. Be3 Bxf5 19. Bxc5 Kd7 20. Rac1 Rhc8 21. Rfd1+ Kxc7 22. Bf8+ Kb7 23. Bxg7 Be6 24. a3 Rxc1 25. Rxc1 Rc8 26. Rxc8 Kxc8 27. Bd4 a5 28. Bc3 a4 29. f3 f5 30. g3 Kd7 31. Kf2 Ke8 32. Ke3 Kf7 33. Kf4 Kg6 34. g4 fxg4 35. fxg4 h5 36. h3 1/2-1/2

[Event "Sachsen-Anhalt-ch Seniors 24th"]
[Site "Halberstadt"]
[Date "2016.06.01"]
[Round "4"]
[White "Hoehm, Walter"]
[Black "Noelter, Gerd"]
[Result "1-0"]
[WhiteElo "2047"]
[BlackElo "1862"]
[PlyCount "41"]
[EventDate "2016.05.29"]
[EventType "swiss"]
[EventRounds "7"]
[EventCountry "GER"]
[SourceTitle "EXT 2019"]
[Source "ChessBase"]
[SourceDate "2018.10.10"]
[SourceVersion "1"]
[SourceVersionDate "2018.10.10"]
[SourceQuality "1"]

1. d4 d5 2. e4 e6 3. c4 dxe4 4. Nc3 Nf6 5. f3 exf3 6. Nxf3 c6 7. Bd3 Nbd7 8. 0-0 Bd6 9. Qe1 0-0 10. Qh4 g6 11. Bg5 Be7 12. Rf2 Re8 13. Raf1 Nh5 14. g4 Ng7 15. Bxe7 Qxe7 16. Ng5 h5 17. Rxf7 Qd6 18. gxh5 Rf8 19. hxg6 Nh5 20. Qxh5 Rxf7 21. gxf7+ 1-0

[Event "MVP-ch Seniors op 15th"]
[Site "Binz"]
[Date "2015.11.27"]
[Round "4.36"]
[White "Hoehm, Walter"]
[Black "Scholze, Roland"]
[Result "1-0"]
[WhiteElo "1844"]
[BlackElo "1633"]
[PlyCount "65"]
[EventDate "2015.11.24"]
[EventType "swiss"]
[EventRounds "9"]
[EventCountry "GER"]
[SourceTitle "EXT 2017"]
[Source "ChessBase"]
[SourceDate "2016.10.25"]
[SourceVersion "1"]
[SourceVersionDate "2016.10.25"]
[SourceQuality "1"]

1. d4 e6 2. e4 d5 3. c4 dxe4 4. Nc3 Nf6 5. f3 c5 6. d5 exd5 7. cxd5 Bd6 8. fxe4 0-0 9. Nf3 Re8 10. Bd3 Bg4 11. 0-0 Nbd7 12. h3 Bxf3 13. Rxf3 Ne5 14. Rf5 Ng6 15. Bg5 Be5 16. Qf1 Qb6 17. Qf2 Bd4 18. Be3 Bxe3 19. Qxe3 Qxb2 20. Rc1 Qb4 21. e5 Nd7 22. e6 fxe6 23. dxe6 Ndf8 24. Rxc5 Rxe6 25. Ne4 Kh8 26. Rc8 Rxc8 27. Rxc8 Qb6 28. Qxb6 Rxb6 29. Ng5 Rf6 30. Bc4 h6 31. Nf7+ Kh7 32. Bb3 Nh8 33. Rxf8 1-0

[Event "MVP-ch Seniors op 14th"]
[Site "Binz"]
[Date "2014.12.02"]
[Round "8"]
[White "Hoehm, Walter"]
[Black "Wenske, Hardy"]
[Result "1-0"]
[WhiteElo "1840"]
[BlackElo "1584"]
[PlyCount "37"]
[EventDate "2014.11.25"]
[EventType "swiss"]
[EventRounds "9"]
[EventCountry "GER"]
[SourceTitle "EXT 2016"]
[Source "ChessBase"]
[SourceDate "2015.10.08"]
[SourceVersion "1"]
[SourceVersionDate "2015.10.08"]
[SourceQuality "1"]

1. d4 d5 2. e4 c6 3. c4 dxe4 4. Nc3 Nf6 5. f3 exf3 6. Nxf3 Bg4 7. Be3 Bxf3 8. Qxf3 e6 9. Bd3 Bb4 10. 0-0 Bxc3 11. bxc3 0-0 12. Qh3 g6 13. Bg5 Nbd7 14. Qh4 Kg7 15. Rxf6 Qa5 16. Bd2 Nxf6 17. Bh6+ Kg8 18. Qxf6 Qxc3 19. Qg7# 1-0

[Event "MVP-ch Seniors op 14th"]
[Site "Binz"]
[Date "2014.11.30"]
[Round "6"]
[White "Hoehm, Walter"]
[Black "Wagner, Richard"]
[Result "1-0"]
[WhiteElo "1840"]
[BlackElo "1657"]
[PlyCount "47"]
[EventDate "2014.11.25"]
[EventType "swiss"]
[EventRounds "9"]
[EventCountry "GER"]
[SourceTitle "EXT 2016"]
[Source "ChessBase"]
[SourceDate "2015.10.08"]
[SourceVersion "1"]
[SourceVersionDate "2015.10.08"]
[SourceQuality "1"]

1. d4 Nf6 2. Nc3 d5 3. e4 Nxe4 4. Nxe4 dxe4 5. Bc4 e6 6. Be3 Nc6 7. f3 Bd6 8. g3 exf3 9. Nxf3 0-0 10. c3 Bd7 11. 0-0 a6 12. Ng5 h6 13. Ne4 Be7 14. Qh5 b5 15. Bd3 f5 16. Nc5 Bxc5 17. dxc5 Be8 18. Qe2 Bh5 19. Qxh5 Qxd3 20. Bxh6 Qc4 21. Be3 Rf7 22. Rf4 Qd3 23. Re1 Kf8 24. Qh8+ 1-0

[Event "MVP-ch Seniors op 13th"]
[Site "Binz"]
[Date "2013.11.30"]
[Round "4"]
[White "Hoehm, Walter"]
[Black "Schulz, Gerhard1111"]
[Result "1-0"]
[WhiteElo "1867"]
[BlackElo "1703"]
[PlyCount "33"]
[EventDate "2013.11.27"]
[EventType "swiss"]
[EventRounds "9"]
[EventCountry "GER"]
[SourceTitle "EXT 2015"]
[Source "ChessBase"]
[SourceDate "2014.11.20"]
[SourceVersion "1"]
[SourceVersionDate "2014.11.20"]
[SourceQuality "1"]

1. d4 Nf6 2. Nc3 d5 3. e4 dxe4 4. f3 exf3 5. Nxf3 a6 6. Bd3 Bg4 7. Be3 Nc6 8. 0-0 Nxd4 9. Bxd4 Qxd4+ 10. Nxd4 Bxd1 11. Raxd1 e6 12. Nb3 Bd6 13. Ne4 Nxe4 14. Bxe4 Rb8 15. Na5 Bc5+ 16. Kh1 c6 17. Nxb7 1-0

[Event "MVP-ch Seniors op 13th"]
[Site "Binz"]
[Date "2013.11.27"]
[Round "1"]
[White "Post, Ingo"]
[Black "Hoehm, Walter"]
[Result "1-0"]
[WhiteElo "1540"]
[BlackElo "1867"]
[PlyCount "113"]
[EventDate "2013.11.27"]
[EventType "swiss"]
[EventRounds "9"]
[EventCountry "GER"]
[SourceTitle "EXT 2015"]
[Source "ChessBase"]
[SourceDate "2014.11.20"]
[SourceVersion "1"]
[SourceVersionDate "2014.11.20"]
[SourceQuality "1"]

1. d4 d5 2. c4 c6 3. cxd5 cxd5 4. Nc3 e6 5. Nf3 Nf6 6. a3 Nc6 7. Bg5 Be7 8. e3 0-0 9. Bd3 h6 10. Bh4 Re8 11. 0-0 Bd7 12. h3 Na5 13. Ne5 Rc8 14. Nxd7 Qxd7 15. Bb5 Nc6 16. Rc1 a6 17. Ba4 Nh7 18. Bg3 Bd6 19. f4 f5 20. Bh4 Be7 21. Bg3 Rc7 22. Bh2 b5 23. Bb3 Na5 24. Ba2 Rec8 25. g4 Nc4 26. Bxc4 Rxc4 27. gxf5 exf5 28. Ne2 Qe6 29. Qd3 Nf6 30. Rxc4 dxc4 31. Qd2 Ne4 32. Qc1 Qg6+ 33. Kh1 Bh4 34. Bg1 Qh5 35. Qd1 Rc6 36. Nc3 Ng3+ 37. Kh2 Nxf1+ 38. Qxf1 Qf7 39. Qf3 Rg6 40. Ne2 Be1 41. Bf2 Bxf2 42. Qxf2 Qb7 43. Ng3 Qd5 44. Qc2 Rf6 45. Nh5 Rf7 46. Ng3 g6 47. h4 Re7 48. Qd2 Qf3 49. Qa5 Qc6 50. Qc3 Qe6 51. Nf1 Qf6 52. Kh3 g5 53. h5 Qe6 54. Qa5 gxf4 55. exf4 Qe2 56. Ng3 Rg7 57. Nxe2 1-0

[Event "MVP-ch Seniors op 12th"]
[Site "Binz"]
[Date "2012.12.04"]
[Round "7"]
[White "Tuertmann, Dieter"]
[Black "Hoehm, Walter"]
[Result "1/2-1/2"]
[WhiteElo "1797"]
[BlackElo "1916"]
[PlyCount "107"]
[EventDate "2012.11.28"]
[EventType "swiss"]
[EventRounds "9"]
[EventCountry "GER"]
[SourceTitle "EXT 2014"]
[Source "ChessBase"]
[SourceDate "2013.11.20"]
[SourceVersion "1"]
[SourceVersionDate "2013.11.20"]
[SourceQuality "1"]

1. d4 d5 2. Nc3 Nf6 3. Bg5 e6 4. e4 dxe4 5. Nxe4 Be7 6. Bxf6 gxf6 7. Nf3 f5 8. Ng3 b6 9. Bb5+ c6 10. Ba4 b5 11. Bb3 0-0 12. Qd2 Kh8 13. c3 Nd7 14. Bc2 Nb6 15. Ne5 Nc4 16. Nxc4 bxc4 17. 0-0 c5 18. d5 Rb8 19. Rab1 Bb7 20. Rfd1 Qxd5 21. Qxd5 Bxd5 22. Nxf5 Bf6 23. Ne3 Rfd8 24. f3 Bg5 25. Kf2 Kg7 26. g3 Bxe3+ 27. Kxe3 h5 28. h4 f5 29. Rd2 Kf6 30. Bd1 Rg8 31. Kf2 Rg7 32. g4 fxg4 33. fxg4 hxg4 34. Kg3 Be4 35. Rc1 Bf5 36. b3 Bd3 37. Rh2 cxb3 38. axb3 Bf5 39. Ra1 Rd8 40. Be2 Rd2 41. Bf1 Rxh2 42. Kxh2 g3+ 43. Kg1 Be4 44. Bg2 Bd5 45. c4 Bxg2 46. Kxg2 Rg4 47. Rxa7 Rxh4 48. Kxg3 Rd4 49. Rb7 Ke5 50. Kf3 Rd3+ 51. Ke2 Rh3 52. Kd2 Kd4 53. Rd7+ Ke4 54. Rc7 1/2-1/2